| 000 | 02017cam a22003738a 4500 | ||
|---|---|---|---|
| 001 | 15821541 | ||
| 005 | 20100222074221.0 | ||
| 008 | 090715s2009 stk |rbd 001 0 eng | ||
| 010 | _a 2009029261 | ||
| 020 | _a9780702032332 (main ed. : alk. paper) | ||
| 035 | _a(DNLM)101510883 | ||
| 040 |
_aDNLM/DLC _cDLC |
||
| 042 | _apcc | ||
| 050 | 0 | 0 |
_aRT21 _b.B355 2010 |
| 060 | 1 | 0 |
_aW 13 _bB157 2010 |
| 082 | 0 | 0 |
_a610.7303 _222 _bNUR |
| 245 | 0 | 0 |
_aBailliere's Nurses' Dictionary : _bfor nurses and health care workers/ _cEdited by Barbara F. Weller; foreword by Robert J. Pratt. |
| 246 | 3 | 0 | _aNurses' dictionary |
| 250 | _a25th ed. | ||
| 260 |
_aEdinburgh ; _aNew York : _bBailliere Tindall, 2009 _c2009 |
||
| 263 | _a0908 | ||
| 300 |
_a594 p. ; _c15 cm. |
||
| 504 | _aIncludes bibliographical references and index. | ||
| 505 | 0 | _aNutrition -- Resuscitation -- Medicines and their control -- The legal and professional framework of nursing -- Standards of conduct, performance, and ethics -- Useful addresses -- Degrees, diplomas, and organizations : abbreviations in nursing and health care -- Units of measurement and tables of normal values -- Immunization and vaccinations -- Occupational health and safety -- Nursing on the Internet -- Infection control -- Practice development -- Clinical governance. | |
| 650 | 0 |
_aNursing _vDictionaries. _912196 |
|
| 650 | 0 |
_aMedicine _vDictionaries. _912197 |
|
| 650 | 1 | 2 |
_aMedicine _vDictionary _xEnglish. _912198 |
| 650 | 2 | 2 |
_aNursing _vDictionary _xEnglish. _912199 |
| 700 | 1 |
_aWeller, Barbara F. _q(Barbara Fiona) _912200 |
|
| 942 |
_2ddc _cREFERENCE |
||
| 999 |
_c13575 _d13575 |
||